000 00560nam a2200229Ia 4500
003 OSt
005 20221005131333.0
006 a|||||r|||| 00| 0
007 ta
008 221004b |||||||| |||| 00| 0 tam d
024 _a47554
037 _cTextual
040 _aCRL
_cCRL
_btam
041 _2tam
_atam
082 _aO31xNRJ1, K9
100 _aRajagopalan
_9229349
245 0 _aSirithu velicham
260 _c1971
650 _aTAMIL LITERATURE
942 _hO31xNRJ1, K9
_cTEXL
_2cc
999 _c1060018
_d1060018